[Event "Vandoeuvre op"]
[Site "Vandoeuvre"]
[Date "2004.??.??"]
[Round "1"]
[White "Favre, Guillaume"]
[Black "Lemoine, Pierric"]
[Result "1-0"]
[WhiteElo "1900"]
[BlackElo "1499"]
[PlyCount "97"]
[EventDate "2004.12.26"]
[EventType "swiss"]
[EventRounds "9"]
[EventCountry "FRA"]
[SourceTitle "CBM 104 Extra"]
[Source "ChessBase"]
[SourceDate "2005.03.01"]
[SourceVersion "1"]
[SourceVersionDate "2005.03.01"]
[SourceQuality "1"]

1. e4 c5 2. Nc3 Nc6 3. f4 d6 4. Nf3 Bg4 5. Bc4 g6 6. Bxf7+ Kxf7 7. Ng5+ Ke8 8. Qxg4 Qd7 9. Qxd7+ Kxd7 10. Nf7 Nd4 11. Kd1 Bg7 12. Nxh8 Bxh8 13. d3 Nf6 14. Rf1 Rf8 15. Ne2 Nc6 16. Bd2 Ng4 17. h3 Nge5 18. Bc3 Nf7 19. Bxh8 Rxh8 20. c3 b5 21. d4 cxd4 22. Nxd4 Nxd4 23. cxd4 Rc8 24. Rc1 Rxc1+ 25. Kxc1 Kc6 26. f5 g5 27. Kd2 a5 28. g4 h6 29. Kd3 Kb6 30. Rc1 Nd8 31. e5 dxe5 32. dxe5 Nf7 33. Kd4 Nd8 34. Rc8 Nc6+ 35. Rxc6+ Kxc6 36. f6 exf6 37. exf6 Kd6 38. f7 Ke7 39. Kc5 b4 40. f8Q+ Kxf8 41. Kb5 Ke7 42. Kxa5 b3 43. axb3 Kd6 44. b4 Kc7 45. Ka6 Kb8 46. b5 Ka8 47. b6 Kb8 48. b7 Kc7 49. Ka7 1-0